000 00843nam a2200265Ia 4500
003 OSt
005 20221005092600.0
006 a|||||r|||| 00| 0
007 ta
008 221004b |||||||| |||| 00| 0 eng d
020 _a9781138097315 (pbk)
_cUKP 39.99
024 _a44662
037 _b004, 17/01/2019, Excel Book International
_cTextual
040 _aCRL
_cCRL
_beng
041 _2eng
_aeng
082 _aX:9b3, Q9
100 _aRoss Stanley C. Au.
_9617552
245 0 _aTraining and development in organizations
_ban essential guide for trainers
260 _aNew York
_bRoutledge USA
_c2019
300 _avi,208p.
_ccm.
650 _a PERSONNEL MANAGEMENT
650 _aECONOMICS
942 _hX:9b3, Q9
_cTEXL
_2cc
999 _c999079
_d999079